Pena corporal (1983-1987).

Saved in:
Bibliografiske detaljer
Hovedforfatter: Hernández, Elvira (autora)
Format: Bog
Sprog:engelsk
Udgivet: Santiago, Chile: Fundación Pablo Neruda, Ograma Impresores, 2018.
Udgivelse:Primera edición.
Serier:Biblioteca de Poesía Chile Pablo Neruda.
Fag:
Tags: Tilføj Tag
Ingen Tags, Vær først til at tagge denne postø!

MARC

LEADER 00000nam a22000007a 4500
003 CL-VaPUC
005 20241111104853.0
008 240916t2018 ||||| |||| 00| 0 eng d
999 |c 444757  |d 444755 
020 |a 978-956-7822-08-9 
040 |c Pontificia Universidad Católica de Valparaíso 
082 |2 22  |a Ch861.44 HER 2018 
100 |9 595424  |a Hernández, Elvira  |e autora 
245 |a Pena corporal (1983-1987). 
250 |a Primera edición.  
260 |a Santiago, Chile:   |b Fundación Pablo Neruda,   |b Ograma Impresores,  |c 2018. 
300 |a 67 páginas.  
490 |a Biblioteca de Poesía Chile Pablo Neruda.  
500 |a c.1 Firmada por la autora. 25-10-2024 
583 |c 20240916  |k Yessy Sthefany Diaz Vidal 
600 0 |9 891383  |a Hernández, Elvira   |d 1951-  |e Poeta, ensayista y crítica literaria  |v Poemas   |z Chile 
650 0 |9 268403  |a Poesía chilena   |y Siglo 20  
942 |2 ddc  |c BK 
952 |0 0  |1 0  |2 ddc  |4 0  |6 CH_861_440000000000000_HER_2018  |7 0  |8 A  |9 596781  |a BIBEDU  |b BIBEDU  |d 2024-09-16  |i 5662689  |l 1  |o Ch861.44 HER 2018  |p 5662689  |r 2025-04-08  |s 2025-04-04  |t 1  |w 2024-09-16  |y BK  |k LIT